Country names with 1 added letter and 1 removed letter - Statistics

General Stats
  • This quiz has been taken 13 times
  • The average score is 18 of 20
Answer Stats
Hint Answer % Correct
Azeraijhan Azerbaijan
100%
Onlivia Bolivia
100%
Agatemala Guatemala
100%
Hitri Haiti
100%
Honucras Honduras
100%
Indam India
100%
Steyhelles Seychelles
100%
Outh Mafrica South Africa
100%
Nited Estates United States
100%
Uzimabwe Zimbabwe
100%
Brelium Belgium
92%
Dwenmar Denmark
92%
Celandy Iceland
92%
Muritangia Mauritania
92%
Mionolia Mongolia
92%
Vanola Angola
77%
Ubein Benin
77%
Ominzica Dominica
77%
Yoma Oman
62%
Anarma Panama
62%
No matching quizzes found
Score Distribution
Percent of People with Each Score
Percentile by Number Answered
Your Score History
You have not taken this quiz